| 000 | 00530nam a2200181Ia 4500 | ||
|---|---|---|---|
| 005 | 20240801044356.0 | ||
| 008 | 240331s9999 xx 000 0 und d | ||
| 020 | _a0472083287 | ||
| 082 |
_bPOL _a376 |
||
| 245 | 4 |
_aThe politics of women's education : _bperspectives from Asia, Africa, and Latin America |
|
| 260 |
_aUnited States of America _bThe University of Michigan press _c1995 |
||
| 300 | _a viii, 261 p ., | ||
| 650 | _aWomen | ||
| 650 | _aPolitical | ||
| 650 | _aEconomic | ||
| 700 |
_aConway, J.K. _eedt |
||
| 942 | _cL | ||
| 999 |
_c2971 _d2971 |
||